| 000 | 01350nam0a2200385 4500 | ||
|---|---|---|---|
| 001 | RU\NLR\bibl\1874353 | ||
| 005 | 20260406064748.0 | ||
| 010 | _a978-5-353-05755-0 | ||
| 021 |
_aRU _b2012-9234 _9691 |
||
| 035 | _a(nilc)RSL-KNO-005393230 | ||
| 035 | _a(NLR Aleph) 001864169 | ||
| 090 |
_a2572437 _c2572437 |
||
| 100 | _a20120220d2012 |||y0rusy50 ca | ||
| 101 | 1 |
_arus _ceng |
|
| 102 | _aRU | ||
| 105 | _aa ||||||||| | ||
| 200 | 1 |
_aБольшие кошки _f[Дж. Шейх-Миллер, С. Тернбулл _gпер. с англ. М. Жуковой] |
|
| 210 |
_aМосква _cРосмэн _cРосмэн-пресс _d2012 |
||
| 215 |
_a46, [1] с. _cцв. ил. _d26 |
||
| 225 | 1 | _aДетская энциклопедия | |
| 320 | _aУказатель: с. 46 | ||
| 606 | 1 |
_aКошки дикие _jЭнциклопедии для детей _91462313 _3RU\NLR\auth\66620491 |
|
| 686 |
_aЕ693.363.7Fel.я9 _2rubbk |
||
| 686 |
_aШ9:Е693.363.7(2) _2rubbk |
||
| 686 |
_aШ9 _bЕ6 |
||
| 702 | 1 |
_4220 _8rus _7ca _aШейх-Миллер _bД. _gДжонатан _3RU\NLR\auth\7714469 _9124142 |
|
| 801 | 0 |
_aRU _bRuMoRKP _c20120220 _grcr |
|
| 801 | 1 |
_aRU _bРГБ _c20120220 |
|
| 801 | 2 |
_aRU _bNLR _c20120227 _grcr |
|
| 830 | _aсост. по базе | ||
| 942 | _cBOOK | ||
| 980 | _aNB | ||
| 980 | _aNBR | ||